Insights of administrative thinkers: Exploring the foundations of public administration (Record no. 394511)

MARC details
000 -LEADER
fixed length control field 00539 a2200181 4500
005 - DATE & TIME
control field 20260409124726.0
008 - FIXED-LENGTH DATA ELEMENTS--GENERAL INFORMATION
fixed length control field 260409b |||||||| |||| 00| 0 eng d
020 ## - ISBN
International Standard Book Number 9781041034025
Price Rs. 2495.00
040 ## - CATALOGING SOURCE
Original cataloging agency VIVEKANANDA LIBRARY
082 ## - DDC NUMBER
Classification number 350.1
Book Number M278I
100 ## - MAIN ENTRY--PERSONAL NAME
Personal name Mahajan, Anupama Puri
245 ## - TITLE STATEMENT
Title Insights of administrative thinkers: Exploring the foundations of public administration
260 ## - PUBLICATION, DISTRIBUTION, ETC. (IMPRINT)
Name of publisher, distributor, etc Routledge
Date of publication, distribution, etc 2025
Place of publication, distribution, etc Abingdon
300 ## - PHYSICAL DESCRIPTION
Pages xvii, 535
650 ## - Subject
Subject Public Administration
650 ## - Subject
Subject Administrative Thinkers
942 ## - ADDED ENTRY ELEMENTS (KOHA)
Koha item type Books
Holdings
Withdrawn status Lost status Source of classification or shelving scheme Damaged status Not for loan Location (home branch) Sublocation or collection (holding branch) Shelving location Date acquired Koha issues (times borrowed) Koha full call number Accession No. Koha date last seen Koha item type
    Dewey Decimal Classification     VIVEKANANDA LIBRARY VIVEKANANDA LIBRARY Vivekananda Library 28/01/2026   350.1 M278I 444662 28/01/2026 Books
© Designed and Maintained by Vivekananda Library, MDU Rohtak